Kuwait : Staff Report for the 2001 Article IV Consultation.

Improved terms of trade and sound macroeconomic policies have helped strengthen Kuwait's financial situation. The government should move forcefully to implement its structural reform program. Monetary policy is rightly focused on maintaining the credibility of the pegged exchange rate arrangeme...

תיאור מלא

מידע ביבליוגרפי
מחבר תאגידי: International Monetary Fund
פורמט: כתב-עת
שפה:English
יצא לאור: Washington, D.C. : International Monetary Fund, 2001.
סדרה:IMF Staff Country Reports; Country Report ; No. 2001/103
גישה מקוונת:Full text available on IMF
LEADER 01651cas a2200241 a 4500
001 AALejournalIMF001621
008 230101c9999 xx r poo 0 0eng d
020 |c 5.00 USD 
020 |z 9781451822274 
022 |a 1934-7685 
040 |a BD-DhAAL  |c BD-DhAAL 
110 2 |a International Monetary Fund. 
245 1 0 |a Kuwait :   |b Staff Report for the 2001 Article IV Consultation. 
264 1 |a Washington, D.C. :  |b International Monetary Fund,  |c 2001. 
300 |a 1 online resource (39 pages) 
490 1 |a IMF Staff Country Reports 
500 |a <strong>Off-Campus Access:</strong> No User ID or Password Required 
500 |a <strong>On-Campus Access:</strong> No User ID or Password Required 
506 |a Electronic access restricted to authorized BRAC University faculty, staff and students 
520 3 |a Improved terms of trade and sound macroeconomic policies have helped strengthen Kuwait's financial situation. The government should move forcefully to implement its structural reform program. Monetary policy is rightly focused on maintaining the credibility of the pegged exchange rate arrangement and achieving price stability. The pegged exchange arrangement, open capital account, and prudent fiscal and monetary policies have served Kuwait well, keeping inflation low and reinforcing confidence in the economy. The government has been commended for maintaining a generous foreign assistance program. 
538 |a Mode of access: Internet 
830 0 |a IMF Staff Country Reports; Country Report ;  |v No. 2001/103 
856 4 0 |z Full text available on IMF  |u http://elibrary.imf.org/view/journals/002/2001/103/002.2001.issue-103-en.xml  |z IMF e-Library